Commonly Confused Idioms - Statistics

General Stats
  • This quiz has been taken 385 times
  • The average score is 8 of 12
Answer Stats
Wrong Correct % Correct
It's a doggy dog world It's a DOG EAT dog world
88%
I could care less I COULD NOT care less
87%
Extract revenge EXACT revenge
84%
Should of Should HAVE
82%
Nip it in the butt Nip it in the BUD
81%
Statue of limitations STATUTE of limitations
76%
A complete 360 A complete 180
75%
Wet your appetite WHET your appetite
75%
For all intensive purposes For all INTENTS and purposes
70%
One in the same One AND the same
65%
Each one worse than the next Each one worse than the LAST
34%
You've got another thing coming You've got another THINK coming
30%
No matching quizzes found
Score Distribution
Percent of People with Each Score
Percentile by Number Answered
Your Score History
You have not taken this quiz